书目信息 |
| 题名: |
电气安全技术手册
|
|
| 作者: | 陆荣华 编著 | |
| 分册: | ||
| 出版信息: | 北京 中国建筑工业出版社 1999.01 |
|
| 页数: | 368页 | |
| 开本: | 16开 | |
| 丛书名: | ||
| 单 册: | ||
| 中图分类: | ||
| 科图分类: | ||
| 主题词: | 电工--安全 | |
| 电子资源: | ||
| ISBN: | 7-112-03697-6 | |
| 000 | 00600nam0 2200217 45 | |
| 001 | 9910131018 | |
| 005 | 20010410104033.9 | |
| 010 | @a7-112-03697-6@d30.00元 | |
| 100 | @a19991013d1999 km y0chiy0120 ea | |
| 101 | @achi | |
| 105 | @a z 000yy | |
| 200 | 1 | @a电气安全技术手册@ADian Qi An Quan Ji Shu Shou Ce@f陆荣华 编著@FLu Rong Hua Bian Zhu |
| 205 | @a1 | |
| 210 | @a北京@c中国建筑工业出版社@d1999.01 | |
| 215 | @a368页@d16开 | |
| 606 | 0 | @a电工@x安全 |
| 690 | @v3 | |
| 690 | @aTM08-62@v3 | |
| 701 | @a陆荣华@4编著 | |
| 801 | @aCN@bPFTUser@c19991013 | |
| 905 | @dTM08-62@eL329@b336748-749@f2 | |
| 电气安全技术手册/陆荣华 编著.-1.-北京:中国建筑工业出版社,1999.01 |
| 368页;16开 |
| ISBN 7-112-03697-6:30.00元 |
| ● |
| 相关链接 |
|
|
|
正题名:电气安全技术手册
索取号:TM08-62/L329
 
预约/预借
| 序号 | 登录号 | 条形码 | 馆藏地/架位号 | 状态 | 备注 |
| 1 | 336746 | 203367463 | 自科二线504/504自科库 9排2列4层/ [索取号:TM08-62/L329] | 在馆 | |
| 2 | 336747 | 203367472 | 自科二线504/504自科库 9排2列4层/ [索取号:TM08-62/L329] | 在馆 |